Presupuesto base cero (Registro nro. 2562)
[ vista simple ]
| 000 -LEADER | |
|---|---|
| fixed length control field | 01303 a2200253 4500 |
| 001 - CONTROL NUMBER | |
| control field | 35449 |
| 005 - DATE AND TIME OF LATEST TRANSACTION | |
| control field | 20260407155636.0 |
| 008 - FIXED-LENGTH DATA ELEMENTS--GENERAL INFORMATION | |
| fixed length control field | 260407a1980 arg spa d |
| 003 - CONTROL NUMBER IDENTIFIER | |
| control field | AR-UNSa-BCEJYS |
| 040 ## - CATALOGING SOURCE | |
| Original cataloging agency | AR-UNSa-BCEJYS |
| Language of cataloging | spa |
| Transcribing agency | AR-UNSa-BCEJYS |
| 080 ## - UNIVERSAL DECIMAL CLASSIFICATION NUMBER | |
| Universal Decimal Classification number | 657.312 |
| Common auxiliary subdivision | Tipo de presupuestos |
| 020 ## - INTERNATIONAL STANDARD BOOK NUMBER | |
| International Standard Book Number | 968-18-0095-8 |
| 041 ## - LANGUAGE CODE | |
| Language code of text/sound track or separate title | spa |
| 100 1# - MAIN ENTRY--PERSONAL NAME | |
| Personal name | Pyhrr, Peter A. |
| 245 10 - TITLE STATEMENT | |
| Title | Presupuesto base cero |
| Name of part/section of a work | método práctico para evaluar gastos |
| 264 #1 - PRODUCTION, PUBLICATION, DISTRIBUTION, MANUFACTURE, AND COPYRIGHT NOTICE | |
| Place of production, publication, distribution, manufacture | México : |
| Name of producer, publisher, distributor, manufacturer | Limusa |
| Date of production, publication, distribution, manufacture, or copyright notice | 1980 |
| 300 ## - PHYSICAL DESCRIPTION | |
| Extent | 277 p. |
| Dimensions | 24 cm. |
| 505 ## - FORMATTED CONTENTS NOTE | |
| Formatted contents note | 1. El proceso de elaboración de presupuestos base cero - 2. Problemas y beneficios de la implementación del presupuesto base cero - 3.¿ Dónde se deben elaborar los paquetes de decisión? - 4. Forma para los paquetes de decisión - 5. Procedimientos para un método eficaz de clasificación - 6. Dinámica del proceso - 7. Administración del proceso del presupuesto base cero - 8. Presupuesto base cero y PPP - 9. Aplicaciones de las computadoras - 10. Procesos de elaboración de presupuestos base cero y administrativo. |
| 590 ## - LOCAL NOTE (RLIN) | |
| Local note | niveau_biblio:m niveau_hierar:0 |
| 700 1# - ADDED ENTRY--PERSONAL NAME | |
| Personal name | Corral Camu, Leonor |
| 700 1# - ADDED ENTRY--PERSONAL NAME | |
| Personal name | Ibarreche Suarez, Santiago |
| 856 41 - ELECTRONIC LOCATION AND ACCESS | |
| Uniform Resource Identifier | <a href="https://biblioeco.unsa.edu.ar/pmb/images/libros/L125735.jpg">https://biblioeco.unsa.edu.ar/pmb/images/libros/L125735.jpg</a> |
| Link text | Imagen de portada |
| Electronic format type | image/jpeg |
| 942 ## - ADDED ENTRY ELEMENTS (KOHA) | |
| Koha item type | |
| Withdrawn status | Lost status | Damaged status | Not for loan | Home library | Current library | Shelving location | Date acquired | Total checkouts | Full call number | Barcode | Date last seen | Price effective from | Koha item type |
|---|---|---|---|---|---|---|---|---|---|---|---|---|---|
| Biblioteca Prof. Eusebio Cleto del Rey | Biblioteca Prof. Eusebio Cleto del Rey | 07/04/2026 | 657.312 P995 | L33036 | 07/04/2026 | 07/04/2026 | Libro | ||||||
| Biblioteca Prof. Eusebio Cleto del Rey | Biblioteca Prof. Eusebio Cleto del Rey | 07/04/2026 | 657.312 P995 | L33037 | 07/04/2026 | 07/04/2026 | Libro | ||||||
| Biblioteca Prof. Eusebio Cleto del Rey | Biblioteca Prof. Eusebio Cleto del Rey | 07/04/2026 | 657.312 P995 | L125735 | 07/04/2026 | 07/04/2026 | Libro |